Biodiversity II : (Registro nro. 526)

Detalles MARC
000 -CABECERA
Campo de control 01082cam a2200301 a 4500
005 - FECHA Y HORA DE LA ULTIMA TRANSACCION
Campo de control 20150928155629.0
008 - ELEMENTOS DE LONGITUD FIJA—INFORMACION GENERAL
Campo de control 960730s1997 dcua b 001 0 eng
020 ## - ISBN
ISBN 0309052270 (alk. paper)
040 ## - FUENTE DE CATALOGACIÓN
Agencia catalogadora original DLC
Agencia transcriptora DLC
Agencia Modificadora DLC
041 ## - IDIOMA
Código de idioma para texto/pista de sonido o título separado Inglés
082 00 - NUMERO DE CLASIFICACION DECIMAL DEWEY
Número de clasificación 333.95
Número del ítem P93b
100 ## - ASIENTO PRINCIPAL--NOMBRE PERSONAL
Nombre personal Marjorie L. Reaka
245 00 - MENCION DE TITULO
Título Biodiversity II :
Parte restante del título understanding and protecting our biological resources
Mención de responsabilidad Marjorie L. Reaka-Kudla, Don E. Wilson, and Edward O. Wilson, editors.
246 3# - FORMA VARIANTE DEL TITULO
Título propiamente dicho/forma breve del título Biodiversity 2
246 3# - FORMA VARIANTE DEL TITULO
Título propiamente dicho/forma breve del título Biodiversity two
260 ## - PUBLICACION, DISTRIBUCION, ETC. (PIE DE IMPRENTA)
Lugar de publicación, distribución, etc. Washington, D.C. :
Nombre del editor, distribuidor, etc. Joseph Henry Press,
Fecha de publicación, distribución, etc. 1997.
300 ## - DESCRIPCION FISICA
Extensión 551 paginas:
Otros detalles físicos ill. ;
Dimensiones 24 cm.
504 ## - NOTA DE BIBLIOGRAFIA, ETC.
Nota de bibliografía Includes bibliographical references and index.
650 #0 - ASIENTO SECUNDARIO DE MATERIA - TERMINO TEMATICO
Término temático o nombre geográfico como elemento de entrada Biodiversity conservation.
650 #0 - ASIENTO SECUNDARIO DE MATERIA - TERMINO TEMATICO
Término temático o nombre geográfico como elemento de entrada Biodiversity.
650 #0 - ASIENTO SECUNDARIO DE MATERIA - TERMINO TEMATICO
Término temático o nombre geográfico como elemento de entrada Tropical sustainable
650 #0 - ASIENTO SECUNDARIO DE MATERIA - TERMINO TEMATICO
Término temático o nombre geográfico como elemento de entrada Development and Biodiversity
700 2# - ASIENTO SECUNDARIO - NOMBRE PERSONAL
Nombre personal Reaka-Kudla, Marjorie L.
700 1# - ASIENTO SECUNDARIO - NOMBRE PERSONAL
Nombre personal Wilson, Don E.
700 1# - ASIENTO SECUNDARIO - NOMBRE PERSONAL
Nombre personal Wilson, Edward O.
906 ## - LOCAL DATA ELEMENT F, LDF (RLIN)
a 7
b cbc
c orignew
d 1
e ocip
f 19
g y-gencatlg
942 ## - ELEMENTOS ADICIONALES (KOHA)
Sistema de clasificación Dewey Decimal Classification
Tipo de ítem Libro
Existencias
Withdrawn status Lost status Sistema de Clasificación Damaged status No para préstamo Colección Fecha publicación (Año) Inventariado Ubicación Permanente Ubicación actual Fecha de adquisición Fuente de Valor Valor Total Checkouts Número topográfico Inventario / Código de Barras Date last seen Ejemplar Price effective from Forma de adquisición Tipo de material
    Dewey Decimal Classification     General 1997 Inventariado 2017 Bogotá Bogotá 01/08/1998 Instituto 39000.00   LB-333.95 P93b 000758 04/12/2012 Ej. 1 04/12/2012   Libro